000
00256nam a2200097Ia 4500
001
640754
005
20250826153453.0
008
250824s9999 xx 000 0 und d
245
0
_a
BARBAROSSA GİZEMLİ HAZİNE
_c
MEHMET ATILGAN ASLAN
260
_b
GENÇ TİMAŞ
999
_c
640754
_d
640754